000 00646nam a2200241Ia 4500
008 160621s9999 xx 000 0 und d
020 _a0-07-059756-1
050 _aComSc HD 30.2
050 _b.B33 2006
100 _aBabu K, Mohan.
245 _aOffshoring IT services :
245 _ba framework for managing outsourced projects /
245 _cMohan Babu K.
260 _aNew Delhi :
260 _bTata McGraw-Hill,
260 _c2006
300 _a278 pages :
300 _billustrations ;
300 _c23 cm.
500 _aIncludes index.
650 _aInformation technology -- Management.
650 _xContracting out.
999 _c296100
_d296100